[Event "POL-chT 1st League"]
[Site "Darlowo"]
[Date "2024.09.21"]
[Round "8.14"]
[White "Suliborski, Jakub"]
[Black "Mika, Tomasz1"]
[Result "1-0"]
[WhiteElo "2244"]
[BlackElo "2183"]
[PlyCount "47"]
[EventDate "2024.09.14"]
[EventType "team-swiss"]
[EventRounds "9"]
[EventCountry "POL"]
[SourceTitle "EXT 2025"]
[Source "ChessBase"]
[SourceDate "2024.10.14"]
[SourceVersion "1"]
[SourceVersionDate "2024.10.14"]
[SourceQuality "1"]

1. e4 c6 2. d4 d5 3. Nc3 dxe4 4. Nxe4 Bf5 5. Ng3 Bg6 6. N1e2 Nf6 7. h4 h6 8. Nf4 Bh7 9. Bc4 e6 10. c3 Bd6 11. Nfh5 0-0 12. Qf3 Nbd7 13. Be3 a5 14. 0-0-0 a4 15. Bd3 Bxd3 16. Rxd3 Ra5 17. Bd2 Qe7 18. Kb1 Kh7 19. c4 Bb4 20. Bg5 a3 21. c5 axb2 22. Ne4 Kg6 23. Bxf6 Nxf6 24. Nexf6 1-0

[Event "Piestany Slovakia op-A"]
[Site "Piestany"]
[Date "2024.07.16"]
[Round "8"]
[White "Suliborski, Jakub"]
[Black "Asylov, Miras"]
[Result "0-1"]
[WhiteElo "2247"]
[BlackElo "2326"]
[PlyCount "92"]
[EventDate "2024.07.09"]
[EventType "swiss"]
[EventRounds "9"]
[EventCountry "SVK"]
[SourceTitle "EXT 2025"]
[Source "ChessBase"]
[SourceDate "2024.10.14"]
[SourceVersion "1"]
[SourceVersionDate "2024.10.14"]
[SourceQuality "1"]

1. d4 Nf6 2. c4 g6 3. Nc3 Bg7 4. e4 d6 5. f3 0-0 6. Be3 c5 7. Nge2 Nc6 8. d5 Ne5 9. Ng3 e6 10. Be2 exd5 11. cxd5 a6 12. a4 h5 13. 0-0 Nh7 14. Qd2 h4 15. Nh1 f5 16. Nf2 Rb8 17. Rae1 Bd7 18. f4 Nf7 19. e5 dxe5 20. fxe5 Nxe5 21. Bxc5 Re8 22. Nh3 Rc8 23. Bd4 Qf6 24. Kh1 Nc4 25. Bxf6 Nxd2 26. Bxg7 Nxf1 27. Bh6 Ne3 28. Kg1 Nf6 29. d6 Nfg4 30. Bg5 Nc4 31. Nd5 Rc5 32. Ne7+ Kg7 33. b4 Re5 34. Nf4 Nf6 35. Rd1 Ne4 36. Bxc4 Nxg5 37. Nfxg6 Re4 38. Bd5 Rxb4 39. Rc1 Rd8 40. Rc7 Kf6 41. Bc4 Rb1+ 42. Bf1 Ne4 43. Nxh4 Nd2 44. Kf2 Nxf1 45. Nd5+ Ke6 46. Nc3 Rb4 0-1

[Event "Piestany Slovakia op-A"]
[Site "Piestany"]
[Date "2024.07.14"]
[Round "6"]
[White "Suliborski, Jakub"]
[Black "Turcan, Richard"]
[Result "1-0"]
[WhiteElo "2247"]
[BlackElo "2374"]
[PlyCount "57"]
[EventDate "2024.07.09"]
[EventType "swiss"]
[EventRounds "9"]
[EventCountry "SVK"]
[SourceTitle "EXT 2025"]
[Source "ChessBase"]
[SourceDate "2024.10.14"]
[SourceVersion "1"]
[SourceVersionDate "2024.10.14"]
[SourceQuality "1"]

1. d4 Nf6 2. Nf3 e6 3. c4 c5 4. d5 exd5 5. cxd5 d6 6. h3 g6 7. e4 Bg7 8. Bd3 0-0 9. 0-0 b5 10. Be3 c4 11. Bc2 Re8 12. Nbd2 Qc7 13. Nd4 Ba6 14. a4 b4 15. Nb5 Bxb5 16. axb5 Nbd7 17. Ra4 c3 18. bxc3 bxc3 19. Nb3 Nb6 20. Ra6 Nc4 21. Bd4 Qb7 22. Qd3 Rac8 23. Rc6 Qxb5 24. Qxc3 Rxc6 25. dxc6 Ne5 26. Na5 Rc8 27. Rb1 Qa6 28. Bxe5 dxe5 29. Bd3 1-0

[Event "Piestany Slovakia op-A"]
[Site "Piestany"]
[Date "2024.07.12"]
[Round "4"]
[White "Suliborski, Jakub"]
[Black "Audi, Ameya"]
[Result "0-1"]
[WhiteElo "2247"]
[BlackElo "2381"]
[PlyCount "78"]
[EventDate "2024.07.09"]
[EventType "swiss"]
[EventRounds "9"]
[EventCountry "SVK"]
[SourceTitle "EXT 2025"]
[Source "ChessBase"]
[SourceDate "2024.10.14"]
[SourceVersion "1"]
[SourceVersionDate "2024.10.14"]
[SourceQuality "1"]

1. e4 c6 2. d4 d5 3. f3 e6 4. Nc3 Bb4 5. a3 Bxc3+ 6. bxc3 dxe4 7. Nh3 Qa5 8. Bb2 Nf6 9. fxe4 e5 10. Bd3 Bxh3 11. gxh3 Nbd7 12. Qd2 0-0-0 13. 0-0-0 Nh5 14. Rdf1 f6 15. h4 Qc7 16. Qg2 g6 17. Qg4 Kb8 18. Kb1 Nb6 19. Qe6 c5 20. dxc5 Na4 21. Bb5 Nxc5 22. Qg4 Qb6 23. Bc4 Rd6 24. Rd1 Rhd8 25. Rxd6 Rxd6 26. Rd1 Rxd1+ 27. Qxd1 Nxe4 28. Qd3 Nc5 29. Qd5 a5 30. Ka2 Na4 31. Ba1 Qc5 32. Kb3 Qxd5 33. Bxd5 Nc5+ 34. Kc4 b6 35. Kb5 Kc7 36. c4 Ng7 37. Bc3 Nf5 38. Bxa5 Nd4+ 39. Kb4 Nc6+ 0-1

[Event "Karlsruhe Grenke op"]
[Site "Karlsruhe"]
[Date "2024.04.01"]
[Round "9"]
[White "Sarrau, Jelle"]
[Black "Suliborski, Jakub"]
[Result "1/2-1/2"]
[WhiteElo "2375"]
[BlackElo "2232"]
[PlyCount "53"]
[EventDate "2024.03.28"]
[EventType "swiss"]
[EventRounds "9"]
[EventCountry "GER"]
[SourceTitle "EXT 2025"]
[Source "ChessBase"]
[SourceDate "2024.10.14"]
[SourceVersion "1"]
[SourceVersionDate "2024.10.14"]
[SourceQuality "1"]

1. e4 c5 2. Nf3 e6 3. c4 Nc6 4. d4 cxd4 5. Nxd4 Nf6 6. Nc3 Bb4 7. Nxc6 bxc6 8. Bd3 e5 9. 0-0 0-0 10. Qe2 d6 11. Na4 Bg4 12. f3 Be6 13. a3 Ba5 14. b4 Bb6+ 15. Nxb6 axb6 16. Bg5 h6 17. Bh4 g5 18. Bf2 Nh5 19. g3 Ng7 20. Rfd1 c5 21. Qd2 f5 22. exf5 Bxf5 23. Be2 Ne6 24. g4 Bg6 25. Qxd6 Qf6 26. Bg3 Nd4 27. Qxf6 1/2-1/2